000 00541 a2200169 4500
999 _c29801
_d29801
003 NUST
005 20180118123426.0
008 180118b xxu||||| |||| 00| 0 eng d
020 _a8120327276
020 _a9788120327276
082 _a620.1
100 1 _aPaul, Akshoy Ranjan.
_98734
245 1 0 _aMechanical sciences :
_bengineering thermodynamics and fluid mechanics /
_cAkshoy Ranjan Paul, Sanchayan Mukherjee, Pijush Roy.
260 _a[S.l.] :
_bPrentice-Hall of India Pvt.Ltd,
_c2005.
300 _a604 p. ;
_c24 cm.
700 1 _aMukherjee, Sanchayan.
_98735
700 1 _aRoy, Pijush.
_98736
942 _aSNS
_cBK
_k620.1 PAU
_2ddc